Mixed Word: '90s TV Shows Quiz Stats

 Plays Quiz Updated Jun 15, 2016

Challenge
Share
Tweet
Embed
Score 0/16 Timer 03:00
2 Plays Today
Scrambled Title Answer % Correct
IPNS ITCYSpin City
98.9%
IKGN FO EUSQENKing Of Queens
90.3%
EAFRISRFrasier
82.7%
EDRNISFFriends
82.5%
OEHM VIEOMREMTNPHome Improvement
78.1%
OLERMSE ELAPCMelrose Place
71%
SEFHR RECNPI FO AEBLRIFresh Prince Of Bel-Air
70.1%
INESELDFSeinfeld
68.3%
Scrambled Title Answer % Correct
LYAL CAMBLEAlly McBeal
68.3%
LEWKRA AXETS EGRANR Walker Texas Ranger
66.8%
ERKSAF NAD EGKESFreaks and Geeks
66.1%
BOVYERDEY EVLSO DRNAOMYEverybody Loves Raymond
64.1%
ARTS ERKT YGROAVEStar Trek Voyager
64%
EREKBCBecker
62.1%
AEHDRCMCharmed
39.5%
NSAOENERRoseanne
20.1%

You're not logged in!

Compare scores with friends on all Sporcle quizzes.
Join for Free
OR
Log In

You Might Also Like...

Show Comments

Extras

Top Quizzes Today


Score Distribution

Your Account Isn't Verified!

In order to create a playlist on Sporcle, you need to verify the email address you used during registration. Go to your Sporcle Settings to finish the process.

Report this User

Report this user for behavior that violates our Community Guidelines.

Details: